Eigentum - Wirtschaft - Fortschritt. Zur Ordnungsfunktion des privaten Produktiveigentums (Record no. 3357)

MARC details
000 -LEADER
fixed length control field 00534nam a22001937i 4500
001 - CONTROL NUMBER
control field 3407
003 - CONTROL NUMBER IDENTIFIER
control field OSt
005 - DATE AND TIME OF LATEST TRANSACTION
control field 20170126082318.0
007 - PHYSICAL DESCRIPTION FIXED FIELD--GENERAL INFORMATION
fixed length control field tu
008 - FIXED-LENGTH DATA ELEMENTS--GENERAL INFORMATION
fixed length control field 161220s1970 xxu||||| |||| 00| 0 d
024 7# - OTHER STANDARD IDENTIFIER
Standard number or code 3406
Source of number or code RID
040 ## - CATALOGING SOURCE
Transcribing agency OSt
084 ## - OTHER CLASSIFICATION NUMBER
Classification number 2.341
-- 2.342
Number source z
110 2# - MAIN ENTRY--CORPORATE NAME
Corporate name or jurisdiction name as entry element Walter-Raymond Stiftung
Relator term Ed.
245 00 - TITLE STATEMENT
Title Eigentum - Wirtschaft - Fortschritt. Zur Ordnungsfunktion des privaten Produktiveigentums
260 ## - PUBLICATION, DISTRIBUTION, ETC.
Place of publication, distribution, etc. Köln,
Date of publication, distribution, etc. 1970.
300 ## - PHYSICAL DESCRIPTION
Extent 353 S. ;
Dimensions 21cm.
490 ## - SERIES STATEMENT
Series statement Veröffentlichungen der Walter-Raymond Stiftung
Volume/sequential designation 12
942 ## - ADDED ENTRY ELEMENTS (KOHA)
Koha item type Book
Holdings
Withdrawn status Lost status Damaged status Not for loan Home library Current library Shelving location Date acquired Inventory number Total Checkouts Full call number Barcode Date last seen Price effective from Koha item type
        WIIW WIIW Souterrain 03/12/1997 3407   I-846 303405 01/26/2017 01/26/2017 Book
The Vienna Instiute for International Economic Studies (wiiw)